000 00650nam a22001937a 4500
999 _c166511
_d166511
005 20190726111155.0
010 _aUR-10290
020 _c220.00
_a9789388356541
035 _aU-8845
037 _bDBAD/PUB
082 _a841
100 _aسا غر و ا رثی
245 _aفکر کی نقا شيا ں
_cسا غر و ا رثی
246 _bFikr ki Naqqashiyan (Urdu)
_aby Saghar Warsi
260 _a Delhi
_bEducational Publishing House
_c2018 ء
270 _a3191,Vakil Street,Kucha Pandit Lal Kuan,
_bDelhi
_e110006
_k23216162
_l0091-1123211540
300 _a208 ص
_c22 Cm(Hb)
942 _2ddc
_cUR
_h841
_mو ا ر